| 000 | 00653nam a22001937a 4500 | ||
|---|---|---|---|
| 999 |
_c53635 _d53635 |
||
| 008 | 181008b xxu||||| |||| 00| 0 eng d | ||
| 020 | _a9780495903994 | ||
| 050 |
_a PE1417 _b.G54 2012 |
||
| 100 | _aGlenn, Cheryl | ||
| 245 |
_a The Harbrace guide to writing / _cCheryl Glenn |
||
| 250 | _a 2nd ed | ||
| 260 |
_a Boston, MA : _bCengage Learning, _cc2012 |
||
| 300 |
_a xl, 679 p. : _bill. (some col.) ; _c25 cm |
||
| 650 | _aCollege readers | ||
| 650 |
_aEnglish language _vProblems, exercises, etc _xRhetoric |
||
| 650 |
_aReport writing _vProblems, exercises, etc |
||
| 650 |
_aCritical thinking _vProblems, exercises, etc |
||
| 942 |
_2lcc _cBK |
||